轨道交通标志色大赏——深圳篇 - Statistics

General Stats
  • This quiz has been taken 47 times
    29 since last reset
  • The average score is 15 of 16
Answer Stats
标志色 线路 % Correct
00B140 1号线
100%
B94700 2号线/8号线
100%
DA291C 4号线
100%
A05EB5 5号线
100%
00C7B1 6号线
100%
F8779E 10号线
96%
672146 11号线
96%
A192B2 12号线
96%
F2C75C 14号线
96%
88DBDF 20号线
96%
00A9E0 3号线
96%
168773 6号线支线
96%
7B6469 9号线
96%
DE7C00 13号线
92%
1E22AA 16号线
92%
0033A0 7号线
92%
No matching quizzes found
Score Distribution
Percent of People with Each Score
Percentile by Number Answered
Your Score History
You have not taken this quiz since the last reset